000 01670cam a22005054i 4500
003 PE-LiUPU
005 20250731173523.0
008 150616s r 000 0 d
020 _a0801054729
035 _a(Sirsi) i9780801054723
040 _aPE-LiUPU
_bspa
_cPE-LiUPU
_erda
049 _aPRUA
082 0 4 _a220.77
_bK32
_221
100 1 _aKearley, F. Furman,
_eautor.
245 1 0 _aBiblical Interpretation; principles and practice /
_cF. Furman Kearley.
264 1 _aMichigan :
_bBaker Books,
_c1987.
300 _a336 páginas ;
_c23 centímetros
336 _atext
_2rdacontent
337 _aunmediated
_2rdamedia
338 _avolume
_2rdacarrier
504 _aIncluye bibliografía.
505 0 _aIntroduccion to biblical interpretation.- Old Testament interpretation.- New Testament interpretation.
526 _aSEG42
526 _aSEG41
526 _aSEG40
526 _aSEG39
526 _aP94
526 _aP87
526 _aP86
526 _aP85
526 _aP77
526 _aP76
526 _aP35
630 _aBiblia
_xCrítica interpretación, etc.
650 0 4 _a
700 1 _aHadley, Timothy D.
700 1 _aMyers, Edward P
910 _ajck
_bjvq
_cjck
942 _2ddc
_cBOOK
949 _a220.77 K32
_wDEWEY
_c1
_i42119
_lCCODEBUL1
_mBUL
_r0
_sY
_tBOOK
_u2015-6-16
_xTEOLOGIA
_zUNKNOWN
_0COMPRA
_o.STAFF. Colección General
994 _aC0
_bPEPRU
596 _a1
999 _a220.77 K32
_wDEWEY
_c59811
_i42119
_d59811
_f2021-11-11
_g5
_lCCODEBUL1
_mBUL
_q1
_r0
_sY
_tBOOK
_u2015-6-16
_xTEOLOGIA
_zUNKNOWN
_0COMPRA
_o.STAFF. Colección General
980 _81
_gALBERTO SANCHEZ Responsable de Automatización